| 000 -LEADER | |
|---|---|
| fixed length control field | 00295nam a22001217a 4500 |
| 005 - DATE AND TIME OF LATEST TRANSACTION | |
| control field | 20180912092450.0 |
| 008 - FIXED-LENGTH DATA ELEMENTS--GENERAL INFORMATION | |
| fixed length control field | 180912b xxu||||| |||| 00| 0 eng d |
| 022 ## - INTERNATIONAL STANDARD SERIAL NUMBER | |
| ISSN | 0973-8703 |
| 245 ## - TITLE STATEMENT | |
| Title | Indian Journal of Marketing |
| 260 ## - PUBLICATION, DISTRIBUTION, ETC. (IMPRINT) | |
| Name of publisher | Indian Journal of Marketing |
| Year of publication | 2018 |
| 300 ## - PHYSICAL DESCRIPTION | |
| Number of Pages | p66 |
| 942 ## - ADDED ENTRY ELEMENTS (KOHA) | |
| Koha item type | Journals/Serial |
| Lost status | Damaged status | Home library | Current library | Shelving location | Date acquired | Source of acquisition | Cost, normal purchase price | Accession Number | Koha item type |
|---|---|---|---|---|---|---|---|---|---|
| JRU Library | Periodicals Section | 12/09/2018 | Purchase | 2200.00 | IJOM0001 | Journals/Serial | |||
| JRU Library | Periodicals Section | 12/01/2019 | Purchase | IJOM0002 | Journals/Serial | ||||
| JRU Library | Periodicals Section | 26/04/2019 | purchase | IJOM0003 | Journals/Serial | ||||
| JRU Library | 28/08/2019 | PURCHASE | IJOM0004 | Journals/Serial | |||||
| JRU Library | 28/08/2019 | PURCHASE | IJOM0005 | Journals/Serial | |||||
| JRU Library | Periodicals Section | 27/09/2019 | PURCHASE | IJOM0006 | Journals/Serial | ||||
| JRU Library | Periodicals Section | 24/10/2019 | PURCHASE | IJOM0007 | Journals/Serial |